| 000 | 00378nam a2200133Ia 4500 | ||
|---|---|---|---|
| 008 | 231129s9999||||xx |||||||||||||| ||spa|| | ||
| 020 | _a84-8276-296-6 | ||
| 040 | _beng | ||
| 082 | _a428 C355in | ||
| 100 | _aCastro Oscar | ||
| 245 | 0 | _aIn touch : a beginning american english series | |
| 264 | _aCo-Pblishsers Longman | ||
| 942 |
_2ddc _cBKS |
||
| 999 |
_c15620 _d15620 |
||